| 000 | 00417nam a2200169Ia 4500 | ||
|---|---|---|---|
| 003 | STCL | ||
| 008 | 221019s9999 xx 000 0 und d | ||
| 020 | _a9780074639811 | ||
| 040 |
_aSTCL _cSTCL _bEN |
||
| 082 | _222 | ||
| 100 | _aYoung, Margaret Levine | ||
| 245 | 0 | _aInternet: the complete reference | |
| 260 |
_bTata Mcgraw - Hill _aNew Delhi _c2000 |
||
| 300 | _a956 p | ||
| 365 | _b2390 | ||
| 942 |
_cBK _2DDC _e22 |
||
| 999 |
_c87893 _d87893 |
||